|
|
|
|
| LEADER |
00000nam a2200000 4500 |
| 001 |
vtls011838417 |
| 003 |
SK-MaSNL |
| 005 |
20260301050607.0 |
| 008 |
190131s2018 xo o g 000 0 slo |
| 015 |
|
|
|a SNBA2025/01
|
| 020 |
|
|
|a 9788089685448
|q (brožované)
|
| 040 |
|
|
|a SNK
|b slo
|c SNK
|e rda
|
| 041 |
0 |
|
|a slo
|
| 044 |
|
|
|a xo
|c SK
|
| 072 |
|
7 |
|a 641
|x Kuchárstvo. Potraviny. Varené jedlá
|2 konspekt
|
| 080 |
|
|
|a 641.56:398.332.416
|2 2011
|
| 080 |
|
|
|a (083.12)
|2 2011
|
| 080 |
|
|
|a 641.85:398.332.416
|2 2011
|
| 245 |
0 |
0 |
|a Recepty na Vianoce
|b 90+1 tradičné aj nové krok za krokom : už rozvoniava drobné pečivo
|
| 246 |
3 |
0 |
|a Už rozvoniava drobné pečivo
|
| 264 |
|
1 |
|a Bratislava
|b Bauer Media SK v.o.s.
|c 2018
|
| 300 |
|
|
|a 47 strán
|b farebné fotografie
|c 30 cm
|
| 336 |
|
|
|a text
|b txt
|2 rdacontent
|
| 336 |
|
|
|a statický obraz
|b sti
|2 rdacontent
|
| 337 |
|
|
|a bez média
|b n
|2 rdamedia
|
| 338 |
|
|
|a zväzok
|b nc
|2 rdacarrier
|
| 500 |
|
|
|a Názov z obálky
|
| 500 |
|
|
|a Špeciál Rytmus života Recepty na Vianoce. Číslo vydania 1/18. Ročník I.
|
| 650 |
0 |
7 |
|a Christmas cookery
|2 SNKPHeng
|9 326363
|
| 650 |
0 |
7 |
|a vianočné jedlá
|2 SNKPH
|9 110679
|
| 650 |
0 |
7 |
|a vianočné pečivo
|2 SNKPH
|9 84226
|
| 650 |
0 |
7 |
|a Christmas cakes
|2 SNKPHeng
|9 337171
|
| 655 |
|
7 |
|a kuchárske recepty
|2 SNKPH
|9 70493
|
| 655 |
|
7 |
|a Cookbooks
|2 SNKPHeng
|9 270340
|
| 852 |
|
|
|a Slovenská národná knižnica
|
| 919 |
|
|
|a 978-80-89685-44-8
|
| 954 |
|
|
|a iná literatúra (príručky, kuchárske knihy, hobby literatúra, sprievodcovia) pôvodná (slovenská)
|2 lita
|
| 999 |
|
|
|c 601319
|d 603249
|
| 952 |
|
|
|a SNK
|b SNK
|y PREZ
|7 0
|p 17A1353839
|o snkSB 93726
|i snk2019/2972
|8 0
|0 0
|1 0
|4 0
|d 2019-01-31
|l 0
|r 2025-05-15 00:00:00
|w 2026-02-23
|
| 952 |
|
|
|a SNK
|b SNK
|y PREZ
|7 0
|p 17A1353840
|o snkSB 93726 D1
|i snk2019/2973
|8 0
|0 0
|1 0
|4 0
|d 2019-01-31
|l 0
|r 2026-02-23 15:54:29
|w 2026-02-23
|